000 00368nam a22001457a 4500
020 _a156592665x
082 _222
_a005.133
100 _aGrundgeiger, Dave.
245 _aCDO and MAPI programming with visual basic /
250 _a1st.
260 _aCalifornia,
_bO'Reilly,
_cc2000.
300 _axvi, 361p. ;
_bill. ;
_c23 cm.
942 _2ddc
_cIT
999 _c1408
_d1408
999 _c1545
_d1545